000 00244nam a22001097a 4500
082 _a667.9 WIN'E
100 _aWINTER, EDWARD
_978918
245 _aENAMEL PAINTING TECHNIQUES
260 _aNEWYORK
_bPRAEGER
_c1970
300 _a86P
942 _cBK
999 _c583987
_d583987